000
00293nam a22001337a 4500
008
170703b xxu||||| |||| 00| 0 eng d
020
_a
9780226203133
041
_a
eng
080
_a
82
100
_a
22
101
_a
GJL
245
_a
LEADING A HUMAN LIFE
_c
ELDRIDGE.R
942
_2
udc
_c
BK
999
_c
19835
_d
19835